000 00745nam a22001817a 4500
003 UA-OsUOA
001 17829
007 ta
008 20040327b un ||||| |||| 00| 0 ukr d
100 _aМосквич В.Ф.
942 _cSA
040 _aUA-OsUOA
_cUA-OsUOA
_dUA-OsUOA
245 _aСВСК "Селянський ліс" живе турботами про людей: [Про труд. будні спеціаліз. вироб. с.-г. кооперативу "Селянський ліс" розповідає його дир. В.Ф. Москвич]
300 _aС.3
955 _a0
773 0 _w0
_tВічеве слово
_dКостопіль
_d2004
_g№9/28 лют./
650 7 _aКраєзнавча робота
_2UDC
999 _c303997
_d303997